Orientación educativa

সংরক্ষণ করুন:
গ্রন্থ-পঞ্জীর বিবরন
প্রধান লেখক: Rodríguez, María Luisa (Author)
বিন্যাস: গ্রন্থ
ভাষা:স্প্যানিশ
প্রকাশিত: Barcelona Ceac 1991
সংস্করন:2a. ed
মালা:Educación y Enseñanza
বিষয়গুলি:
ট্যাগগুলো: ট্যাগ যুক্ত করুন
কোনো ট্যাগ নেই, প্রথমজন হিসাবে ট্যাগ করুন!

MARC

LEADER 00000nam a2200000 a 4500
001 UCH4617
003 CL-VaPUC
008 090827e19910000SP |||||||||||||||||spa|d
020 |a 8432992240 
082 0 4 |a 371.4  |b ROD  |2 21 
100 0 |a Rodríguez, María Luisa  |e author  |9 540254 
245 1 0 |a Orientación educativa 
250 |a 2a. ed 
300 |a 334 p 
942 |c BK 
945 |d 20090827 00:00:00  |a rbrito 
260 |a Barcelona  |b Ceac  |c 1991 
650 7 |a ORIENTACION EDUCACIONAL  |2 CL-VaPUC  |9 312512 
650 7 |a ORIENTADORES  |2 CL-VaPUC  |9 407371 
650 0 |a Orientación vocacional  |9 255692 
583 |a last modification  |c 20090827 00:00:00  |k Rodrigo Vera 
490 0 |a Educación y Enseñanza 
999 |c 335892  |d 335890 
952 |0 0  |1 0  |4 0  |6 371_400000000000000_ROD_1991  |7 0  |8 A  |9 426724  |a BIBEDU  |b BIBEDU  |d 2019-11-22  |i 4594630  |o 371.4 ROD 1991  |p 4594630  |r 2019-11-22  |w 2019-11-22  |y BK  |k BME